Актуальные проблемы гуманитарных наук: сборник научных трудов студентов, аспирантов и молодых ученых 5-6 апреля 2012 г., Томск
| Autor corporatiu: | , |
|---|---|
| Sumari: | Заглавие с титульного экрана В труды конференции включены статьи студентов, аспирантов и ученых России Ближнего и Дальнего Зарубежья по следующим направлениям: менеджмент организации, управление человеческими ресурсами, философия науки и образования, регионоведение, социально-культурный сервис и туризм, связи с общественностью и реклама, современные коммуникативные практики, коммуникации и технологии в социально-культурной сфере. Публикации представлены на русском,немецком и английском языках. Орфография и стилистика авторов сохранена. Сборник публикуется в рамках государственного задания "Наука" |
| Idioma: | rus alemany anglès |
| Publicat: |
Томск, Изд-во ТПУ, 2012
|
| Matèries: | |
| Accés en línia: | http://www.lib.tpu.ru/fulltext/m/2012/m08.pdf |
| Format: | Electrònic Llibre |
| KOHA link: | https://koha.lib.tpu.ru/cgi-bin/koha/opac-detail.pl?biblionumber=220725 |
MARC
| LEADER | 00000nlm0a2200000 4500 | ||
|---|---|---|---|
| 001 | 220725 | ||
| 005 | 20231101230346.0 | ||
| 035 | |a (RuTPU)RU\TPU\book\240857 | ||
| 090 | |a 220725 | ||
| 100 | |a 20120830d2012 k y0rusy50 ca | ||
| 101 | 0 | |a rus |a ger |a eng | |
| 102 | |a RU | ||
| 105 | |a a z 101zy | ||
| 135 | |a drcn ---uucaa | ||
| 181 | 0 | |a i | |
| 182 | 0 | |a b | |
| 200 | 1 | |a Актуальные проблемы гуманитарных наук |b Электронный ресурс |e сборник научных трудов студентов, аспирантов и молодых ученых 5-6 апреля 2012 г., Томск |f Национальный исследовательский Томский политехнический университет (ТПУ) | |
| 203 | |a Текст |c электронный | ||
| 210 | |a Томск |c Изд-во ТПУ |d 2012 | ||
| 230 | |a 1 компьютерный файл (pdf; 5.3 MB) | ||
| 300 | |a Заглавие с титульного экрана | ||
| 330 | |a В труды конференции включены статьи студентов, аспирантов и ученых России Ближнего и Дальнего Зарубежья по следующим направлениям: менеджмент организации, управление человеческими ресурсами, философия науки и образования, регионоведение, социально-культурный сервис и туризм, связи с общественностью и реклама, современные коммуникативные практики, коммуникации и технологии в социально-культурной сфере. Публикации представлены на русском,немецком и английском языках. Орфография и стилистика авторов сохранена. Сборник публикуется в рамках государственного задания "Наука" | ||
| 337 | |a Adobe Reader | ||
| 606 | 1 | |a Философия науки |2 stltpush |3 (RuTPU)RU\TPU\subj\63888 |9 80820 | |
| 606 | 1 | |a Менеджмент |2 stltpush |3 (RuTPU)RU\TPU\subj\42098 |9 61850 | |
| 606 | 1 | |a Социальная работа |x Теория |2 stltpush |3 (RuTPU)RU\TPU\subj\36954 |9 58145 | |
| 606 | 1 | |a Туризм |x Экономика |2 stltpush |3 (RuTPU)RU\TPU\subj\53770 |9 71935 | |
| 606 | 1 | |a Связи с общественностью |2 stltpush |3 (RuTPU)RU\TPU\subj\67473 |9 83258 | |
| 610 | 1 | |a реклама | |
| 610 | 1 | |a социально-культурный сервис | |
| 610 | 1 | |a организационный менеджмент | |
| 610 | 1 | |a документоведение | |
| 610 | 1 | |a документооборот | |
| 610 | 1 | |a управление | |
| 610 | 1 | |a персонал | |
| 610 | 1 | |a персонал-технологии | |
| 610 | 1 | |a лингвистика | |
| 610 | 1 | |a языковые коммуникации | |
| 610 | 1 | |a философские науки | |
| 610 | 1 | |a электронный ресурс | |
| 610 | 1 | |a конференции | |
| 610 | 1 | |a труды учёных ТПУ | |
| 675 | |a 659.4(063) |v 3 | ||
| 686 | |a Ю25л0 |v LBC/SL-A |2 rubbk | ||
| 686 | |a У9(2)212л0 |v LBC/SL-A |2 rubbk | ||
| 686 | |a У9(2)272л0 |v LBC/SL-A |2 rubbk | ||
| 686 | |a У9(2)43л0 |v LBC/SL-A |2 rubbk | ||
| 686 | |a Сл0 |v LBC/SL-A |2 rubbk | ||
| 712 | 0 | 2 | |a Национальный исследовательский Томский политехнический университет (ТПУ) |c (2009- ) |2 stltpush |3 (RuTPU)RU\TPU\col\15902 |
| 712 | 1 | 2 | |a Актуальные проблемы гуманитарных наук |b международная научно-практическая конференция |d 11 |e Томск |f 2012 |
| 801 | 1 | |a RU |b 63413507 |c 20120830 | |
| 801 | 2 | |a RU |b 63413507 |c 20121226 |g RCR | |
| 856 | 4 | |u http://www.lib.tpu.ru/fulltext/m/2012/m08.pdf | |
| 942 | |c CF | ||